000 00585cam a2200205 a 4500
001 000014346
005 20240724123526.0
008 000720s1999 ck a b 000 0 spa
020 _a9586831116
040 _aDO-SdBNP
_cDLC
082 _a332
_bB224f
100 1 _aBarajas Nova, Alberto.
_932382
245 1 0 _aFinanzas para no financistas /
_cAlberto Barajas Nova.
260 _aSanta fe de Bogotá :
_bCEJA,
_c1999.
300 _a177 p. :
_bil., ;
_c24 cm.
504 _aBibliografías: p 177.
650 0 _aFinanzas
_9641
910 _aCatalogación por copia/LC
049 _aBNGR
999 _c13938
_d13938